|
|
|
|
| LEADER |
01739nam a22003257a 4500 |
| 001 |
AAL9130 |
| 003 |
BD-DhAAL |
| 005 |
20170515110250.0 |
| 008 |
170515m20082013- ||||| |||| 00| 0 eng d |
| 999 |
|
|
|c 38141
|d 38141
|
| 020 |
|
|
|a 9780141349176
|
| 040 |
|
|
|a BD-DhAAL
|c BD-DhAAL
|
| 082 |
|
|
|a 813/.01
|
| 100 |
|
|
|a Green, John
|9 21557
|
| 245 |
|
|
|a Let it snow :
|b three holiday romances /
|c John Green; Maureen Johnson; Lauren Myracle
|
| 260 |
|
|
|a New Delhi :
|b Penguin Books,
|c 2013
|
| 300 |
|
|
|a 354 p. ;
|c 22 cm
|
| 541 |
|
|
|e 9130
|
| 650 |
|
|
|a Christmas stories.
|9 21558
|
| 651 |
|
|
|a Romance fiction, American.
|9 21559
|
| 651 |
|
|
|a Young adult fiction, American.
|9 21560
|
| 700 |
|
|
|a Johnson, Maureen
|9 21561
|
| 700 |
|
|
|a Myracle, Lauren
|9 21562
|
| 852 |
|
|
|a Savar Campus Library
|c General Shelf
|
| 942 |
|
|
|2 ddc
|c BK
|
| 952 |
|
|
|0 0
|1 0
|2 ddc
|4 0
|6 813_000000000000000__01_GRE
|7 0
|9 60660
|a SCL
|b SCL
|c GEN
|d 2017-05-15
|e Tajin Boi Gar
|l 13
|m 68
|o 813.01 GRE
|p 3020009130
|r 2025-05-13
|s 2025-03-05
|t 1
|w 2017-05-15
|y BK
|
| 952 |
|
|
|0 0
|1 0
|2 ddc
|4 0
|6 813_000000000000000__01_GRE
|7 0
|9 60661
|a SCL
|b SCL
|c GEN
|d 2017-05-15
|e Tajin Boi Gar
|l 21
|m 54
|o 813.01 GRE
|p 3020009134
|r 2024-11-25
|s 2024-11-01
|t 2
|w 2017-05-15
|y BK
|
| 952 |
|
|
|0 0
|1 0
|2 ddc
|4 0
|6 813_000000000000000__01_GRE
|7 0
|9 60662
|a SCL
|b SCL
|c GEN
|d 2017-05-15
|e Tajin Boi Gar
|l 15
|m 50
|o 813.01 GRE
|p 3020009132
|r 2026-03-09
|s 2026-03-05
|t 3
|w 2017-05-15
|y BK
|
| 952 |
|
|
|0 0
|1 0
|2 ddc
|4 0
|6 813_000000000000000__01_GRE
|7 0
|9 60663
|a SCL
|b SCL
|c GEN
|d 2017-05-15
|e Tajin Boi Gar
|l 14
|m 51
|o 813.01 GRE
|p 3020009131
|r 2024-03-31
|s 2024-03-18
|t 4
|w 2017-05-15
|y BK
|
| 952 |
|
|
|0 0
|1 0
|2 ddc
|4 0
|6 813_000000000000000__01_GRE
|7 0
|9 60664
|a SCL
|b SCL
|c GEN
|d 2017-05-15
|e Tajin Boi Gar
|l 15
|m 89
|o 813.01 GRE
|p 3020009133
|r 2025-12-25
|s 2025-10-11
|t 5
|w 2017-05-15
|y BK
|